Most common female names starting with P - Statistics

General Stats
  • This quiz has been taken 165 times
  • The average score is 28 of 100
Answer Stats
Hint Answer % Correct
99 Pa
99%
27 Pat
86%
1 Patricia
83%
57 Paul
82%
23 Pam
79%
2 Pamela
78%
7 Penelope
78%
3 Paula
77%
9 Penny
77%
16 Patty
68%
31 Polly
64%
15 Pauline
61%
30 Paulina
56%
19 Phoebe
53%
39 Poppy
53%
18 Patti
48%
59 Pia
48%
6 Paige
47%
37 Petra
47%
21 Patrice
46%
14 Paisley
43%
20 Paris
42%
38 Portia
42%
55 Prudence
42%
4 Peggy
41%
24 Pearl
40%
65 Perry
40%
12 Piper
40%
33 Princess
40%
8 Priscilla
40%
25 Parker
39%
10 Peyton
38%
47 Pattie
36%
13 Payton
36%
11 Patsy
32%
17 Paulette
32%
5 Phyllis
32%
75 Penni
31%
51 Persephone
31%
94 Pippa
31%
56 Page
30%
95 Philippa
30%
50 Pennie
26%
22 Presley
24%
36 Paloma
23%
69 Pansy
23%
26 Paola
23%
66 Pandora
22%
76 Perri
22%
32 Phoenix
22%
63 Pepper
21%
28 Perla
21%
34 Patience
20%
80 Paxton
20%
64 Philomena
20%
49 Pilar
20%
42 Priya
19%
74 Peri
18%
97 Peter
16%
41 Palmer
14%
54 Peggie
14%
91 Phylis
14%
84 Phaedra
13%
35 Paislee
11%
62 Paisleigh
11%
71 Patrick
11%
78 Phillis
10%
79 Porsche
10%
52 Porsha
10%
29 Precious
10%
93 Parris
9%
83 Pauletta
9%
86 Priyanka
9%
45 Promise
9%
70 Pamella
8%
72 Passion
8%
53 Pricilla
8%
61 Pyper
8%
40 Patrica
7%
89 Phebe
7%
58 Preslee
7%
48 Priscila
7%
67 Peighton
6%
88 Penney
6%
81 Presleigh
6%
60 Payten
4%
73 Phylicia
4%
43 Pamala
3%
46 Pearlie
3%
100 Phyliss
3%
92 Petrina
2%
87 Preslie
2%
68 Prisha
2%
44 Paityn
1%
98 Paizley
1%
90 Pamelia
1%
85 Patrina
1%
82 Pooja
1%
77 Pearline
0%
96 Porscha
0%
No matching quizzes found
Score Distribution
Percent of People with Each Score
Percentile by Number Answered
Your Score History
You have not taken this quiz